000 02230nam a22005537a 4500
020 _a978-93-5049-647-3
082 _a823
_bBAN/I
100 _aBANSAL, SUNITA PANT
245 _aINDIAN MYTHOLOGY
246 _aCHANDRA AND RAHU AND OTHER STORIES
246 _aSAVITRI OUTSITS YAMDEV AND OTHER STORIES
246 _aTHE BATTLE OF LANKA AND OTHER STORIES
246 _aMAHASEN THE TERRIBLE AND OTHER STORIES
246 _aTHE WISE BRAHMACHARI AND OTHER STORIES
246 _aTHE PILGRIMAGE TO PRABHAS AND OTHER STORIES
246 _aBALI DIES AT RAM'S HANDS AND OTHER STORIES
246 _aKARNIKARA, PARVATI'S EARRINGS AND OTHER STORIES
246 _aTHE BEGGER BOY KING AND OTHER STORIES
246 _aGANESH AND KARTIKEY AND OTHER STORIES
246 _aSHAMBA WEDS LAKSHMANA AND OTHER STORIES
246 _aINDRA, THE KING OF GODS ND OTHER STORIES
246 _aTHE DEER - LOVING KING AND OTHER STORIES
246 _aBUILDING KASHI AND OTHER STORIES
246 _aBEHULA PLEASES MANASA AND OTHER STORIES
246 _aINDRAJIT'S NAGPASH AND OTHER STORIES
246 _aTRIVIKRAMSEN AND VETAL AND OTHER STORIES
246 _aPURURAV FAILS HIS PROMISE AND OTHE STORIES
246 _aTHE MANI AND AKRUR AND OTHER STORIES
246 _aARJUN LOSES ABHIMANYU AND OTHER STORIES
246 _aHASTINAPUR AND BHEESHMA AND OTHER STORIES
246 _aLANKA, THE CITY OF DEMONS AND OTHER STORIES
246 _aTHE SOUL CLEANSING RIVER AND OTHER STORIES
246 _aMADALASA'S ABLE SONS AND OTHER STORIES
246 _aTHE SONS OF RAM AND OTHER STORIES
246 _aRAM GOES INTO EXILE AND OTHER STORIES
246 _aTHE KIND LIONESS AND OTHER STORIES
246 _aARJUN'S LAST ADVENTURE AND OTHER STORIES
246 _aULUPI, THE CHARMING SNAKE AND OTHER STORIES
246 _aKRISHN RETURNS TO MATHURA AND OTHER STORIES
246 _aKRISHN BLESSES ARJUN AND OTHER STORIES
246 _aTHE ANGRY SAGE AND OTHER STORIES
246 _aTHE PININGYAKSHA AND OTHER STORIES
246 _aSARPASASTRA YAJNA AND OTHER STORIES
260 _aMUMBAI
_bSHREE BOOK CENTRE
_c2016
300 _a31
520 _aILLUSTRATED STORIES
650 _aILLUSTRATED STORIES
942 _cBK
999 _c3372
_d3372